<?xml version="1.0" encoding="UTF-8"?>
<record
    xmlns:xsi="http://www.w3.org/2001/XMLSchema-instance"
    xsi:schemaLocation="http://www.loc.gov/MARC21/slim http://www.loc.gov/standards/marcxml/schema/MARC21slim.xsd"
    xmlns="http://www.loc.gov/MARC21/slim">

  <leader>02167nam a2200313Ia 4500</leader>
  <controlfield tag="001">H2044</controlfield>
  <controlfield tag="003">IT-RoPAU</controlfield>
  <controlfield tag="008">130308s9999    xx            000 0 und d</controlfield>
  <datafield tag="040" ind1=" " ind2=" ">
    <subfield code="a">IT-RoPAU</subfield>
  </datafield>
  <datafield tag="040" ind1=" " ind2=" ">
    <subfield code="c">IT-RoPAU</subfield>
  </datafield>
  <datafield tag="041" ind1=" " ind2=" ">
    <subfield code="a">ITALIANO</subfield>
  </datafield>
  <datafield tag="100" ind1=" " ind2=" ">
    <subfield code="a">Debray Regis</subfield>
  </datafield>
  <datafield tag="100" ind1=" " ind2=" ">
    <subfield code="g">Codice Aut. SPICS:  4417</subfield>
  </datafield>
  <datafield tag="240" ind1=" " ind2=" ">
    <subfield code="a">DIEU, UN ITINERAIRE</subfield>
  </datafield>
  <datafield tag="240" ind1=" " ind2=" ">
    <subfield code="g">Codice Tit. Orig. Spics: T3326</subfield>
  </datafield>
  <datafield tag="245" ind1=" " ind2=" ">
    <subfield code="a">Dio, un itinerario: per una storia dell'eterno in occidente</subfield>
  </datafield>
  <datafield tag="245" ind1=" " ind2=" ">
    <subfield code="b">Dio, un Itinerario: per una storia dell'eterno in Occidente</subfield>
  </datafield>
  <datafield tag="250" ind1=" " ind2=" ">
    <subfield code="a">1a ed.</subfield>
  </datafield>
  <datafield tag="260" ind1=" " ind2=" ">
    <subfield code="a">MILANO</subfield>
  </datafield>
  <datafield tag="260" ind1=" " ind2=" ">
    <subfield code="b">Cortina Raffaello</subfield>
  </datafield>
  <datafield tag="260" ind1=" " ind2=" ">
    <subfield code="c">2002 [1&#xB0; Ed.:2002 - Ed.Ling.Originale:2001]</subfield>
  </datafield>
  <datafield tag="300" ind1=" " ind2=" ">
    <subfield code="a">"400 p. (prefazione: no ; testo: 400 [pagine: 0-0])"</subfield>
  </datafield>
  <datafield tag="500" ind1=" " ind2=" ">
    <subfield code="a">"Perche' l'uomo continua a Credere in Dio? in che Modo la fede si &#xE8; Trasmessa Attraverso I Secoli? e Come Il volto di Dio si &#xE8; Evoluto al passo con la Storia? a Tali Domande Risponde l'autore di Questo Libro. Il Dio Punitivo degli Ebrei Non &#xE8; Il Dio di Consolazione dei Cristiani Ne' L'Energia cosmica Impersonale New Age. Debray Mette in Evidenza le Peripezie di una Genesi, le Biforcazioni di un itinerario e I costi della Sopravvivenza. istruzioni per L'Uso. Coronamento: un Capolinea chiamato Origine; in Alto Sulle Dune: Ritornello Sul Deserto, Ecosistema Divino, Teocrazia patologia del Deserto; Decollo Alfabetico: Dire e Leggere, Lunga marcia dei Segni; portatile Ma Ancora Casalingo: Roulotte di Dio, paradosso Monoteista, sindrome di Gerusalemme. Dispiegamento: L'Uno per Tutti: Effetto Tradizione, Codice Angelico; Corpo Mediatore: Ecclesiologia Come Scienza Politica; Salve Regina: Riparazioni e Pentimenti, Lo scritto medium Sessista, prime Tentazioni di Cristo, Il Logos si Fece Eros, Arte Motrice; Ultima Fiamma: Massa e Potere, Famiglia veicolo e Santuario. Cancellazione: Cristo Parricida: Il padre muore nel Figlio; Ognuno per Se': Mediatore a rischio dei Media, crepuscolo di Dio e Mattino dei Maghi; L'Eterno dell'Eterno. Note Complementari. Bibliografia."</subfield>
  </datafield>
  <datafield tag="650" ind1=" " ind2=" ">
    <subfield code="a">PASTORALE E CULTURE</subfield>
  </datafield>
  <datafield tag="650" ind1=" " ind2=" ">
    <subfield code="e">Codice materia Spics: 9302</subfield>
  </datafield>
  <datafield tag="942" ind1=" " ind2=" ">
    <subfield code="c">BK</subfield>
  </datafield>
  <datafield tag="957" ind1=" " ind2=" ">
    <subfield code="7">1</subfield>
  </datafield>
  <datafield tag="999" ind1=" " ind2=" ">
    <subfield code="c">95459</subfield>
    <subfield code="d">95459</subfield>
  </datafield>
  <datafield tag="999" ind1=" " ind2=" ">
    <subfield code="g">1</subfield>
  </datafield>
  <datafield tag="952" ind1=" " ind2=" ">
    <subfield code="0">0</subfield>
    <subfield code="1">0</subfield>
    <subfield code="4">0</subfield>
    <subfield code="6">H_000000000000000_2044</subfield>
    <subfield code="7">1</subfield>
    <subfield code="a">SPICS</subfield>
    <subfield code="b">SPICS</subfield>
    <subfield code="d">2013-03-08</subfield>
    <subfield code="l">0</subfield>
    <subfield code="o">H2044</subfield>
    <subfield code="r">2013-03-08 00:00:00</subfield>
    <subfield code="w">2013-03-08</subfield>
    <subfield code="y">BK</subfield>
    <subfield code="z">Progressivo inserimento:  58896 /  N. Volumi: 1 Copie: 1  / data import: 1 marzo 2013 - By Epidotti, Trombetti, Vaglietti. </subfield>
  </datafield>
</record>
